000 00483nam a22001697a 4500
005 20251108164250.0
008 250721s1993 xx 000 0 ara d
082 1 4 _a329.956/يعق
100 1 _aيعقوب، أحمد حسين
245 1 0 _aطبيعة الأحزاب السياسية العربية /
264 1 _aعمان :
_c1993.
300 _aج
650 1 7 _aالأحزاب السياسية
650 1 7 _aالبلدان العربية
942 _2ddc
_cBK
999 _c7875
_d7875